Topics in Anti-Cancer Research (Vol:1) (Record no. 24759)

000 -LEADER
fixed length control field 00313nam a22000977a 4500
008 - FIXED-LENGTH DATA ELEMENTS--GENERAL INFORMATION
fixed length control field 150327b xxu||||| |||| 00| 0 eng d
020 ## - INTERNATIONAL STANDARD BOOK NUMBER
International Standard Book Number 978160805612
Terms of availability Available
082 ## - DEWEY DECIMAL CLASSIFICATION NUMBER
Classification number 616.99REH
Author Mark 002840
245 ## - TITLE STATEMENT
Title Topics in Anti-Cancer Research (Vol:1)
Statement of responsibility, etc. Rahman-Atta-Ur
Medium English
260 ## - PUBLICATION, DISTRIBUTION, ETC.
Place of publication, distribution, etc. USA
Name of publisher, distributor, etc. Bentham Science Publisher
Date of publication, distribution, etc. 2014
Holdings
Withdrawn status Lost status Source of classification or shelving scheme Damaged status Use restrictions Not for loan Permanent Location Current Location Shelving location Date acquired Total Checkouts Full call number Barcode Date last seen Price effective from Koha item type
        Restricted Access Not For Loan Central Library (CL) Central Library (CL)   03/27/2015   616.99REH RCMS002840 03/27/2015 03/27/2015 Book
© 2023 Central Library, National University of Sciences and Technology. All Rights Reserved.